Case Update: Whirlpool Slovakia Transformation From Local Manufacturer to a Leader in the Whirlpool Worldwide Network

Tento príspevok poskytuje aktualizáciu predchádzajúcich prípadových štúdií, ktoré popisovali prechod spoločnosti Whirlpool Slovakia od neštandardného výrobcu práčok v Československu a Poľsku, na jedného z popredných výrobcov bielych spotrebičov v globálnom hodnotovom reťazci spoločnosti Whirlpool. S...

Description complète

Enregistré dans:
Détails bibliographiques
Auteur principal: Ferenčíková, Soňa, 1960-
Autres auteurs: Rubens, Arthur, Bardy, Roland
Format: Chapitre de livre
Langue:anglais
Sujets:
Tags: Ajouter un tag
Pas de tags, Soyez le premier à ajouter un tag!

MARC

LEADER 00000naa$a2200000$$$4500
001 0272033
005 20240502083828.5
041 0 |a eng 
044 |a PL 
245 1 0 |a Case Update: Whirlpool Slovakia Transformation From Local Manufacturer to a Leader in the Whirlpool Worldwide Network  |c Soňa Ferenčíková, Arthur Rubens, Roland Bardy 
520 |a Tento príspevok poskytuje aktualizáciu predchádzajúcich prípadových štúdií, ktoré popisovali prechod spoločnosti Whirlpool Slovakia od neštandardného výrobcu práčok v Československu a Poľsku, na jedného z popredných výrobcov bielych spotrebičov v globálnom hodnotovom reťazci spoločnosti Whirlpool. Spoločnosť slúži ako model efektívnosti výroby práčok s horným nakladačom. 
610 2 0 |a podnik 
610 2 0 |a kvalita 
610 2 0 |a transformácia podniku 
610 2 0 |a Európa 
100 1 |a Ferenčíková, Soňa, 1960- 
700 1 |a Rubens, Arthur 
700 1 |a Bardy, Roland